00877 2200301 4500001002100000005001500021035002000036007000300056008004100059020002200100082001400122084001600136245008100152300003500233650001400268700003000282264003000312336002100342337003000363338002300393040002200416090002200438850001200460999002200472250002600494504003300520990002200553INLIS00000000087989220230711104231 a0010-0723000263ta230620s2023 yoia g ind d a978-979-21-7565-304223a231.3 a231.3 FAN d00aDalam bimbingan roh kudus /cFanny Stephanus Hure; penyunting, Rosalia Retno a103 halaman :bgambar ;c19 cm04aRoh kudus0 aRosalia RetnoePenyunting31aSleman :bKanisius,c2023 2rdacontentateks 2rdamediaatanpa perantara 2rdacarrieravolume aYOPDYOGbinderda aCB-D.11 2023-1200 aYOPDYOG aCB-D.11/2023-1200 aCetakan pertama: 2023 aBibliografi: halaman 101-102 aCB-D.11/2023-1200